00285nam a2200109Ia 4500008004100000100001700041245005500058260002800113650001000141942000700151999001700158190216s9999||||xx |||||||||||||| ||und|| aKishor Kumar 0aHindi-Bharat Main Sampradayikata Ateet Aur Vartman bMoohim Publicaionc2005 aHindi cBK c16427d16427